Statistics for Countries Ending in "E"

Click here to take the quiz!

General Stats

  • This quiz has been taken 376 times
    (360 since last reset)
  • The average score is 7 of 12

Answer Stats

Answer% Correct
Belize
73%
Chile
70%
France
68%
Greece
67%
Zimbabwe
63%
Suriname
59%
Mozambique
52%
Ukraine
52%
Cape Verde
48%
Singapore
45%
Sierra Leone
33%
Cote D'ivoire
29%

Score Distribution

Percentile by Number Answered

Percent of People with Each Score

Your Score History

You have not taken this quiz since the last reset